000
00310cam a22001097a 4500
008
180718b xxu||||| |||| 00| 0 eng d
082
_a
T465106x73 R591a/1970
245
_a
President's review and annual review
260
_a
New York
_b
The Rockseller Foundation
_c
300
_a
xxviii, 229p.
650
_a
Annual review
999
_c
500969
_d
500969